[Event "COL-ch disabled 2nd"]
[Site "Cali"]
[Date "2008.10.27"]
[Round "5.6"]
[White "Martinez, Javier4"]
[Black "Caballero, Vladimir"]
[Result "0-1"]
[WhiteElo "1600"]
[BlackElo "1600"]
[PlyCount "62"]
[EventDate "2008.10.25"]
[EventType "swiss"]
[EventRounds "7"]
[EventCountry "COL"]
[SourceTitle "EXT 2024"]
[Source "ChessBase"]
[SourceDate "2023.10.10"]
[SourceVersion "1"]
[SourceVersionDate "2023.10.10"]
[SourceQuality "1"]

1. e4 c5 2. Nf3 d6 3. d4 cxd4 4. Nxd4 Nf6 5. Nc3 e5 6. Nf3 Be7 7. Bc4 0-0 8. 0-0 a6 9. a4 Qc7 10. Nd5 Nxd5 11. Bxd5 Nd7 12. Bg5 Bxg5 13. Nxg5 Nf6 14. c4 h6 15. Nf3 Rb8 16. Qd3 Qb6 17. Qa3 Bg4 18. a5 Qc7 19. Rac1 Bxf3 20. Qxf3 Qxa5 21. Rfd1 Qb4 22. Rc3 Qxb2 23. Rb3 Qc2 24. Bxb7 Qxc4 25. Rc3 Qb5 26. Bc6 Qb4 27. Ra3 Rfc8 28. Rxa6 Qc4 29. Bb7 Rxb7 30. Raxd6 Rcb8 31. Qg3 Nxe4 0-1